000 00839nam a2200289 a 4500
001 000112684
003 CHAP
005 20220329144317.0
008 160921s2009 mx a |r| ||||||spa d
010 _a109145
011 _a110117
020 _a9786074423112
040 _cCHAP
082 0 4 _a330.972
_bS32 2009
100 1 _aSchettino Yañez, Macario.
_9131096
245 0 _aMéxico. problemas sociales, politicos y económicos /
_cpor Macario Schettino Yañez.
250 _a2 ed.
260 _aMéxico :
_bPearson Educación,
_c2009.
300 _a243 p. :
_bil.
590 _aBATCH-UPD
_b05
_c20160921
_lUCH01
_h1421
590 _aBATCH-UPD
_b05
_c20161124
_lUCH01
_h1707
590 _aE5765TAJ
_b05
_c20160921
_lUCH01
_h1421
651 4 _aMéxico
_xPolítica y gobierno.
_976783
901 _aBK
942 _cLIBRO
942 _n0
999 _c109145
_d109145